| 000 | 01127nam a2200301 c 4500 | ||
|---|---|---|---|
| 003 | BLK | ||
| 005 | 20180422115546.0 | ||
| 008 | 180411b bul|||||r ||||||| ||bul|| | ||
| 010 | _aKNG00196839000 | ||
| 040 | _aBLK | ||
| 041 |
_aBUL _cBUL |
||
| 080 |
_a?Литература на ЮАР _b896(680) _x-31 _z896(680)-31 |
||
| 100 | 1 |
_aСмит, Уилбър Едисън _eпърви автор _9242238 |
|
| 700 | 1 |
_aБлизнакова, Людмила _eпрев. от англ. _9366677 |
|
| 139 |
_aСмит, Уилбър Едисън _bС 47 |
||
| 245 | 1 | 0 |
_aЕдин сокол лети _bРоман _cУилбър Едисън Смит; прев. от англ. Людмила Близнакова. |
| 257 | _aRSA | ||
| 260 |
_аВарна _bГеорги Бакалов _c1987 |
||
| 300 |
_a644 с. _c20 см |
||
| 380 | _aX | ||
| 490 | 1 |
_aБиблиотека Океан _v49 |
|
| 500 | _aОриг. загл. A falcon flies / Wilbur Smith. - Без тир. | ||
| 852 | _aЦб 149365 | ||
| 856 | 4 |
_qpdf _u |
|
| 856 | 4 |
_qpdf _u |
|
| 942 |
_cKNG _n0 |
||
| 944 |
_aCR _c25.11.2016 _kКети_Илиева |
||
| 944 |
_aED _c25.11.2016 _kКети_Илиева |
||
| 999 |
_c187822 _d187822 |
||